<?xml version="1.0" encoding="UTF-8"?>
<collection xmlns="http://www.loc.gov/MARC21/slim">
<record>
  <controlfield tag="001">154958</controlfield>
  <controlfield tag="005">20250515083538.0</controlfield>
  <datafield tag="037" ind1=" " ind2=" ">
    <subfield code="a">TAZ-TFG-2023-1351</subfield>
  </datafield>
  <datafield tag="041" ind1=" " ind2=" ">
    <subfield code="a">spa</subfield>
  </datafield>
  <datafield tag="100" ind1="1" ind2=" ">
    <subfield code="a">Arnal Martínez, Úrsula</subfield>
  </datafield>
  <datafield tag="242" ind1="0" ind2="0">
    <subfield code="a">Intervention to the homeless during the Covid-19 pandemic through the Third Sector in Zaragoza.</subfield>
  </datafield>
  <datafield tag="245" ind1="0" ind2="0">
    <subfield code="a">Intervención realizada a las personas sin hogar durante la pandemia del Covid-19 a través del Tercer Sector en Zaragoza.</subfield>
  </datafield>
  <datafield tag="260" ind1=" " ind2=" ">
    <subfield code="a">Zaragoza</subfield>
    <subfield code="b">Universidad de Zaragoza</subfield>
    <subfield code="c">2023</subfield>
  </datafield>
  <datafield tag="506" ind1=" " ind2=" ">
    <subfield code="a">by-nc-sa</subfield>
    <subfield code="b">Creative Commons</subfield>
    <subfield code="c">3.0</subfield>
    <subfield code="u">http://creativecommons.org/licenses/by-nc-sa/3.0/</subfield>
  </datafield>
  <datafield tag="520" ind1=" " ind2=" ">
    <subfield code="a">En 2020 surgió una crisis sanitaria provocada por una enfermedad infecciosa denominada COVID-19, &lt;br />esta situación provocó el confinamiento domiciliario de toda la población a nivel nacional. Además, obligó a &lt;br />tomar medidas de urgencia en distintos ámbitos, entre ellos incluidos la acción del Tercer Sector, y más &lt;br />específicamente en el ámbito del sinhogarismo.&lt;br />En este trabajo, se va a analizar cómo afectó la pandemia a la atención de los diferentes dispositivos &lt;br />(públicos y del tercer sector) existentes en la ciudad de Zaragoza a un colectivo muy concreto: las personas &lt;br />sin hogar, también denominado con las siglas PSH. Igualmente, se persigue saber si los posibles cambios &lt;br />introducidos se han mantenido una vez finalizada la situación de excepcionalidad.&lt;br />Las PSH son un colectivo vulnerable de la sociedad que no puede acceder o mantener una vivienda &lt;br />digna. Este colectivo representa la cara extrema de la exclusión social, ya que está privado de derechos &lt;br />fundamentales y necesita el apoyo de las instituciones gubernamentales y los profesionales del Trabajo &lt;br />Social.&lt;br />Como resultados generales, se ha encontrado que durante la pandemia ha existido una coordinación &lt;br />positiva entre los recursos existentes, y que, además, se produjo un cambio satisfactorio en las relaciones &lt;br />entre profesionales y usuarios.&lt;br />&lt;br /></subfield>
  </datafield>
  <datafield tag="521" ind1=" " ind2=" ">
    <subfield code="a">Graduado en Trabajo Social</subfield>
  </datafield>
  <datafield tag="540" ind1=" " ind2=" ">
    <subfield code="a">Derechos regulados por licencia Creative Commons</subfield>
  </datafield>
  <datafield tag="700" ind1=" " ind2=" ">
    <subfield code="a">Minguijón Pablo, Jaime</subfield>
    <subfield code="e">dir.</subfield>
  </datafield>
  <datafield tag="710" ind1="2" ind2=" ">
    <subfield code="a">Universidad de Zaragoza</subfield>
    <subfield code="b">Psicología y Sociología</subfield>
    <subfield code="c">Trabajo Social y Servicios Sociales</subfield>
  </datafield>
  <datafield tag="856" ind1="0" ind2=" ">
    <subfield code="f">798046@unizar.es</subfield>
  </datafield>
  <datafield tag="856" ind1="4" ind2=" ">
    <subfield code="s">1222502</subfield>
    <subfield code="u">http://zaguan.unizar.es/record/154958/files/TAZ-TFG-2023-1351.pdf</subfield>
    <subfield code="y">Memoria (spa)</subfield>
  </datafield>
  <datafield tag="909" ind1="C" ind2="O">
    <subfield code="o">oai:zaguan.unizar.es:154958</subfield>
    <subfield code="p">driver</subfield>
    <subfield code="p">trabajos-fin-grado</subfield>
  </datafield>
  <datafield tag="950" ind1=" " ind2=" ">
    <subfield code="a"></subfield>
  </datafield>
  <datafield tag="980" ind1=" " ind2=" ">
    <subfield code="a">TAZ</subfield>
    <subfield code="b">TFG</subfield>
    <subfield code="c">SOCIZ</subfield>
  </datafield>
  <datafield tag="999" ind1=" " ind2=" ">
    <subfield code="a">20230602110612.CREATION_DATE</subfield>
  </datafield>
  <datafield tag="951" ind1=" " ind2=" ">
    <subfield code="a">deposita:2025-05-15</subfield>
  </datafield>
</record>
</collection>